| 000 | 00404nam a2200157Ia 4500 | ||
|---|---|---|---|
| 008 | 210210b2005 xxu||||| |||| 00| 0 eng d | ||
| 020 | _a81 8356 039 3 | ||
| 082 | _a574.29 YADI | ||
| 100 | _aYADAV (P R) and TYAGI (Rajiv). | ||
| 245 | _aImmuno biotechnology. | ||
| 260 |
_aN D _bDiscovery Publishing House _c2005 |
||
| 300 | _a280 | ||
| 650 | _aImmunology | ||
| 690 | _aImmunology | ||
| 906 | _aSG04654 | ||
| 999 |
_c115582 _d115582 |
||